000 01115cam a22002054a 4500
005 20250605164407.0
008 250528s ||||||||||||||||||||||||d
035 _a24885
020 _a9780470028018
040 _aGR-AtMCL
_bgre
_dGR-AtMCL
_eAACR2
245 1 _aSex Offenders and the Internet
260 _bJohn Wiley & Sons, Ltd,
_c2007
300 _a302
520 _aAcknowledgements, Sex Offending on the Internet, The Issue of Child Pornography, What We Know about Paedophilia, Creating and Controlling the Internet Sex Offender, What Internet Sex Offenders Do, The Childhood Histories of Paedophiles, Sexual Abuse and Sexualisation in the Childhoods of Paedophiles, Coping with Life Through Abuse and Child Pornography, Relationships in Childhood and Adulthood: Security and Attachment, Sexual Fantasy and Paedophile Offenders, Distorted Thinking, Desisting from child Abuse, Epilogue: What Has been Learnt and What Shall We Do?, References, Author and Subject index.
700 1 _aHowitt Dennis
_98634
700 1 _aSheldon Kerry
_99630
942 _cBK
999 _c9720
_d9720